[Event "XXIV ProAm Copa Clarin 2017"]
[Site "Villa Martelli"]
[Date "2017.10.01"]
[Round "2.11"]
[White "Bulcourf, Carlos"]
[Black "Sanhueza, Cristian"]
[Result "0-1"]
[WhiteElo "1993"]
[BlackElo "2263"]
[Annotator "TA"]
[PlyCount "132"]
[EventDate "2017.??.??"]
[EventType "swiss"]
[EventCountry "ARG"]
[SourceTitle "playchess.com"]
[Source "ChessBase"]
[SourceQuality "1"]

{[%evp 9,132,0,7,0,0,-24,-19,-11,-21,-9,9,-14,-18,-87,-75,-85,-67,-80,-69,-62,-57,-67,-57,-154,-140,-142,-147,-139,-134,-156,-147,-192,-180,-214,-207,-205,-173,-187,-194,-178,-156,-166,-153,-115,-107,-102,-111,-84,-55,-50,-45,-54,0,0,39,-31,-32,-45,24,23,93,58,66,-28,-34,-68,-28,-54,-20,-16,-6,0,0,0,0,-60,-53,-101,-95,-279,-280,-273,-258,-331,-320,-391,-395,-29973,-29975,-29975,-29976,-29976,-29977,-29976,-29978,-29976,-29962,-29984,-29985,-29985,-29984,-29986,-29985,-29985,-29986,-29988,-29988,-29990,-29991,-29991,-29991,-29991,-29991,-29991,-29991,-29991,-29991,-29991,-29992,-29992,-29992,-29992,-29992,-29993,-29992]} 1. Nf3 Nc6 2. d4 d5 3. Nc3 Bf5 (3... Nf6 4. Bf4 a6 5. e3 g6 6. Be2 Bg7 7. O-O O-O 8. h3 Bf5 9. Ne5 Nxe5 10. Bxe5 c6 11. Na4 Nd7 12. Bxg7 Kxg7 {½-½ (12) Dizdarevic,E (2509)-Kurajica,B (2493) Opatija 2014}) 4. Bf4 e6 5. e3 Bd6 6. Bd3 $146 {D02: 1 d4 d5 2 Nf3 sidelines, including 2...Nf6 3 g3 and 2...Nf6 3 Bf4} ({Predecessor:} 6. Bg3 Nge7 7. Qd2 a6 8. Nh4 Bg6 9. Nxg6 hxg6 10. Bxd6 Qxd6 11. g3 {½-½ (47) Rojano Alfonso,C (2219)-Canellas Magide,L (2062) Santa Eulalia de Roncana 2013}) 6... Bxf4 7. exf4 Bg4 8. Be2 $1 {The position is equal.} Bxf3 9. Bxf3 Nh6 10. O-O Qf6 11. Nb5 (11. Ne2 $11 {remains equal.}) 11... O-O-O $17 12. c4 Nf5 {[%cal Rc6d4]} 13. cxd5 exd5 {[%cal Rc6d4]} 14. Bg4 Kb8 {[%cal Rf5d4]} 15. Bxf5 $1 Qxf5 16. Qa4 (16. Qd2 $1 $15) 16... a6 $36 {[%mdl 2048] Black is really pushing.} 17. Nc3 Qxf4 18. Rad1 h5 {[%cal Bh7h5,Bh5h4,Bh4h3][%mdl 32]} 19. Ne2 Qd6 20. a3 h4 21. b4 h3 {[#] Hoping for ...hxg2.} 22. g3 Qf6 {White must now prevent ...Qf3.} 23. Qb3 Rhe8 24. Qd3 Re4 25. f3 Re7 26. Nf4 g5 27. Nxh3 Rde8 {And now ...Re3 would win.} 28. Nf2 {[%cal Bh3f2,Bf2g4,Bg4e5][%mdl 32]} Qg7 29. Ng4 Re6 30. Rd2 Qg6 (30... Na7 $15) 31. Qxg6 $11 Rxg6 32. Kf2 ({Better is} 32. f4 $14) 32... Rge6 $15 33. Rfd1 Ne7 ({Black should try} 33... f5 $15 34. Ne5 Nxe5 35. dxe5 c6) 34. Ne5 $11 Rh6 (34... f5 $11) 35. Kg2 Reh8 36. Ng4 (36. h4 $1 $14 R6h7 37. Nd7+ (37. hxg5 Nf5 $11) 37... Ka7 38. Nf6 (38. hxg5 Nf5 $15)) 36... Re6 37. Kg1 Ng6 38. Kf1 c6 {Strongly threatening ...f5.} (38... f5 $5 {[%cal Rf5g4]} 39. Ne5 Nxe5 $15) 39. Re1 Rxe1+ 40. Kxe1 {[%mdl 4096] Endgame KRN-KRN} Kc7 41. Re2 Kd6 42. Ne5 ({White should play} 42. Nf6 $11) 42... Nxe5 $15 43. dxe5+ {KR-KR} Ke6 44. f4 $2 (44. a4 $17) 44... gxf4 $19 45. gxf4 Kf5 46. Rf2 Rh4 47. a4 Rxf4 48. a5 $2 {[#]} (48. Rb2 $19) 48... Rxf2 {Black mates.} 49. Kxf2 Kxe5 {KP-KP} 50. Ke3 Kf5 51. Kd4 Kg4 52. Kc5 f5 53. Kd4 f4 54. Kd3 Kf3 55. Kd4 Kg2 56. h4 f3 57. Kc5 f2 58. Kb6 f1=Q 59. h5 Qb5+ 60. Ka7 Qxb4 61. h6 Qxa5 62. h7 Qc5+ 63. Ka8 Qf8+ 64. Ka7 Kf3 65. Kb6 Kf4 66. Ka7 a5 {Precision: White = 25%, Black = 66%.} 0-1

[Event "XXIV ProAm Copa Clarin 2017"]
[Site "Villa Martelli"]
[Date "2017.10.01"]
[Round "2.13"]
[White "Faingerch, Sebastian"]
[Black "Cimer, Emanuel"]
[Result "0-1"]
[WhiteElo "1892"]
[BlackElo "2237"]
[Annotator "TA"]
[PlyCount "54"]
[EventDate "2017.??.??"]
[EventType "swiss"]
[EventCountry "ARG"]
[SourceTitle "playchess.com"]
[Source "ChessBase"]
[SourceQuality "1"]

{[%evp 17,54,53,57,19,34,22,25,-36,-31,-33,-35,-40,-37,-46,0,0,0,-8,0,0,0,0,0,0,58,77,54,0,0,-581,-572,-737,-703,-774,-750,-728,-719,-1140,-1122]} 1. d4 Nf6 2. Bf4 g6 3. Nf3 Bg7 4. e3 O-O 5. c4 d6 6. h3 Nbd7 7. Nc3 c6 8. Be2 Qe8 9. O-O {E61: King's Indian: Early deviations for White, including Smyslov System} (9. Bh2 e5 10. O-O Qe7 11. Qc2 b6 12. b4 Bb7 13. c5 dxc5 14. bxc5 Ne8 15. cxb6 exd4 16. Nxd4 axb6 17. Rab1 c5 18. Bf3 cxd4 19. Bxb7 {0-1 (71) Tang,A (2466)-Shabalov,A (2563) chess.com INT 2017}) 9... e5 {LiveBook: 28 Games} 10. dxe5 dxe5 11. Bh2 {White is slightly better.} Qe7 12. e4 (12. Qa4 $11) 12... Nh5 13. Qd2 Nc5 $146 ({Predecessor:} 13... Re8 14. Rfd1 Nf4 15. Rab1 Bh6 {0-1 (41) Correa,L (1702)-De Oliveira,A (2057) Goiania 2013}) 14. Rad1 a5 15. Qe3 Nf4 (15... Re8 {feels hotter.} 16. Rfe1 a4 17. Bf1 Qf8 18. Qe2 f6) 16. Bxf4 exf4 17. Qxf4 Bxc3 18. bxc3 Qxe4 19. Qh6 {[#] aiming for Ng5.} Ne6 ({Wrong is} 19... Qxe2 $2 20. Rde1 $18) 20. Rd4 $40 {[%mdl 128] White mounts an attack.} Qf5 ({Not} 20... Nxd4 $2 21. Ng5 $18) (20... Qxe2 $11 21. Re1 {[#]} Qxe1+ $1 {[%mdl 512]} 22. Nxe1 Nxd4 23. cxd4 Be6) 21. Rh4 $14 {[%csl Gh4][%cal Rh6h7]} g5 22. Ne5 (22. Nxg5 $1 $14 Nxg5 23. f4 Nxh3+ 24. Rxh3) 22... Rd8 $11 ({Avoid the trap} 22... gxh4 $2 23. Bd3 $18) 23. Bh5 $2 {[%mdl 8192]} (23. f4 $1 $11 gxh4 24. Bg4) 23... Qxe5 $19 {Black is clearly winning.} 24. Bxf7+ Kxf7 25. Qxh7+ Qg7 26. Qf5+ Kg8 27. Rg4 Nf4 {Precision: White = 44%, Black = 89%.} 0-1

[Event "XXIV ProAm Copa Clarin 2017"]
[Site "Villa Martelli"]
[Date "2017.10.01"]
[Round "2.14"]
[White "Mirada, Luciano"]
[Black "De Dovitiis, Alejo"]
[Result "0-1"]
[WhiteElo "1863"]
[BlackElo "2338"]
[Annotator "TA"]
[PlyCount "78"]
[EventDate "2017.??.??"]
[EventType "swiss"]
[EventCountry "ARG"]
[SourceTitle "playchess.com"]
[Source "ChessBase"]
[SourceQuality "1"]

{[%evp 15,78,12,23,9,6,7,2,-6,0,-14,6,7,13,0,0,-6,-10,-54,-54,-54,-54,-70,-70,-70,-70,-70,-70,-70,-70,-70,-63,-70,-63,-63,-70,-63,-63,-83,-75,-122,-68,-141,-104,-156,-83,-260,-255,-260,-254,-239,-237,-243,-189,-304,-291,-551,-547,-2795,-2401,-6000,-3210,-2662,-2551,-2152,-1791]} 1. e4 e6 2. d4 d5 3. e5 c5 4. c3 Qb6 5. Nf3 Bd7 6. Bd3 Bb5 7. O-O Bxd3 8. Qxd3 cxd4 9. Nxd4 {C02: Französische Verteidigung (Vorstoßvariante)} (9. cxd4 {is more complex.} Ne7 10. Nc3 Nec6 11. Bd2 Be7 12. Rfc1) (9. cxd4 Ne7 10. b4 a6 11. Nc3 Nec6 12. a3 h6 13. Be3 Be7 14. Nd2 Nd7 15. f4 g6 16. Rfb1 Qa7 17. Na4 b5 18. Nc5 Nb6 19. Ndb3 Nc4 20. Bd2 Qb6 {½-½ (20) Sitnic,A (2225)-Hodzic,N (2294) Sarajevo 2017}) 9... Nc6 10. Nxc6 bxc6 11. a4 $146 {Die Stellung ist ausgeglichen.} ({Vorgänger:} 11. Be3 Bc5 12. Bxc5 Qxc5 13. Nd2 Ne7 14. b4 Qb5 15. c4 dxc4 16. Nxc4 O-O {0-1 (56) Hackett,D (2148)-Arnott,J (2119) Hinckley Island 2009}) 11... Ne7 12. Nd2 Nf5 13. Nf3 Be7 14. Bg5 Bxg5 15. Nxg5 a5 16. Rfe1 h6 17. Nf3 {[%cal Bg5f3,Bf3d4,Bd4b5][%mdl 32]} O-O 18. g4 Ne7 19. g5 h5 20. Nd4 $1 c5 21. Nb5 $1 Nf5 22. Qf3 g6 23. Rad1 Rac8 24. Qf4 Rfd8 25. Rd3 Rd7 26. Red1 Rcd8 27. R1d2 Kg7 (27... c4 $17 28. Rf3 Qc6) 28. h4 (28. Rd1 $15) 28... Qc6 29. Rd1 (29. Rh3 $142) 29... Rb8 ({Besser ist} 29... c4 30. R3d2 Rb8) 30. R1d2 $2 {[#]} (30. c4 $17 {ist wohl besser.}) 30... c4 $19 31. Rf3 Rxb5 32. axb5 Qxb5 33. Kh2 Qc6 {[%mdl 1024] Schwarz hat starke Kompensation.} 34. Kh3 (34. Rg3 {ist eine bessere Verteidigung.}) 34... Rb7 35. Kg2 $2 (35. Qh2 {war angesagt.}) 35... Rb3 {Schwarz steht klar auf Gewinn.} 36. Qh2 {[#]} d4 $1 {[%mdl 512]} 37. Qf4 (37. cxd4 Qxf3+) 37... dxc3 38. bxc3 Rxc3 39. Rd6 Qxf3+ {Precision: Weiß = 25%, Schwarz = 62%.} 0-1

[Event "XXIV ProAm Copa Clarin 2017"]
[Site "Villa Martelli"]
[Date "2017.10.01"]
[Round "2.15"]
[White "Olivera, Horacio"]
[Black "Abate, Tomas"]
[Result "1/2-1/2"]
[WhiteElo "2097"]
[BlackElo "1726"]
[Annotator "NA RC"]
[PlyCount "109"]
[EventDate "2017.??.??"]
[EventType "swiss"]
[EventCountry "ARG"]
[SourceTitle "playchess.com"]
[Source "ChessBase"]
[SourceQuality "1"]
[TimeControl "5400+30"]

1. c4 Nf6 2. Nc3 g6 3. g3 Bg7 4. Bg2 O-O 5. Nf3 d6 6. O-O Nbd7 7. d4 e5 8. e4 exd4 9. Nxd4 Re8 10. h3 Nc5 11. Re1 a5 12. Qc2 Nfxe4 13. Nxe4 Bxd4 14. Bg5 Qd7 15. Nf6+ Bxf6 16. Bxf6 Re6 17. Qc3 Qe8 18. h4 Rxe1+ 19. Rxe1 Be6 20. h5 Qf8 21. b3 Qh6 22. hxg6 hxg6 23. f4 Bh3 24. Qe3 Ne6 25. Bxb7 Rb8 26. Bd5 Bg4 27. Bc3 Qh5 28. Qd2 Bf5 29. Qh2 Qxh2+ 30. Kxh2 a4 31. bxa4 Kf8 32. Kg2 Ke7 33. a5 Kd7 34. Kf3 c6 35. Be4 Bxe4+ 36. Kxe4 Nc5+ 37. Kf3 Na4 38. Bf6 Re8 39. Rxe8 Kxe8 40. a6 Nb6 41. a7 Kd7 42. a4 Kc7 43. Be7 Kb7 44. Bxd6 Kxa7 45. Bc5 Ka6 46. Bxb6 Kxb6 47. Ke3 Ka5 48. Kd4 Kxa4 49. Kc5 Kb3 50. g4 f5 51. gxf5 gxf5 52. Kd4 Kb4 53. Ke5 Kxc4 54. Kxf5 c5 55. Ke4 1/2-1/2

[Event "XXIV ProAm Copa Clarin 2017"]
[Site "Villa Martelli"]
[Date "2017.10.01"]
[Round "2.16"]
[White "Amedei, Hugo"]
[Black "Mosconi, Ariel"]
[Result "0-1"]
[WhiteElo "1541"]
[BlackElo "2077"]
[Annotator "NA RC"]
[PlyCount "72"]
[EventDate "2017.??.??"]
[EventType "swiss"]
[EventCountry "ARG"]
[SourceTitle "playchess.com"]
[Source "ChessBase"]
[SourceQuality "1"]
[TimeControl "5400+30"]

1. d4 d6 2. Nf3 c6 3. c4 Qc7 4. Nc3 e5 5. Qd3 Be7 6. Bg5 Nf6 7. Bxf6 Bxf6 8. Ne4 Be7 9. dxe5 dxe5 10. Qc3 f6 11. c5 Be6 12. e3 Bd5 13. Ned2 Nd7 14. e4 Bf7 15. b4 b6 16. cxb6 Qxb6 17. a3 a5 18. Rb1 axb4 19. axb4 O-O 20. Nc4 Qb8 21. Bd3 Ra4 22. O-O Bxb4 23. Qc2 Qa7 24. Nb2 Ra3 25. Qxc6 Rc3 26. Nc4 Rxd3 27. Rxb4 Qa2 28. Nd6 Nb8 29. Qc7 Na6 30. Qb6 Nxb4 31. Qxb4 Qb3 32. Qc5 Rd1 33. h3 Rd8 34. Nf5 Rxf1+ 35. Kxf1 Rd1+ 36. Ne1 Qc4+ 0-1

[Event "XXIV ProAm Copa Clarin 2017"]
[Site "Villa Martelli"]
[Date "2017.10.01"]
[Round "2.17"]
[White "Pucheta, Maximiliano"]
[Black "Sukudian, Ruben"]
[Result "0-1"]
[WhiteElo "1490"]
[BlackElo "1870"]
[Annotator "NA RC"]
[PlyCount "60"]
[EventDate "2017.??.??"]
[EventType "swiss"]
[EventCountry "ARG"]
[SourceTitle "playchess.com"]
[Source "ChessBase"]
[SourceQuality "1"]
[TimeControl "5400+30"]

1. e4 c5 2. Nf3 Nc6 3. d4 cxd4 4. Nxd4 Nf6 5. Nc3 d6 6. Be2 e6 7. Be3 Be7 8. f4 O-O 9. O-O Bd7 10. Qe1 a6 11. Rd1 Qc7 12. Qg3 Rac8 13. f5 Nxd4 14. Rxd4 Rfd8 15. Bh6 g6 16. fxg6 hxg6 17. Kh1 Qb6 18. Rd3 Nh7 19. Bh5 Be8 20. Rdf3 Qc5 21. Bg4 Bg5 22. Bxg5 Qxg5 23. h4 Qh6 24. Qf2 Qg7 25. Rh3 Rc5 26. Be2 b5 27. a3 a5 28. Bd3 b4 29. axb4 axb4 30. Na4 Bxa4 0-1

[Event "XXIV ProAm Copa Clarin 2017"]
[Site "Villa Martelli"]
[Date "2017.10.01"]
[Round "2.18"]
[White "Fuentes, Diego"]
[Black "Anino, Sergio"]
[Result "0-1"]
[WhiteElo "1571"]
[BlackElo "2132"]
[Annotator "TA"]
[PlyCount "98"]
[EventDate "2017.??.??"]
[EventType "swiss"]
[EventCountry "ARG"]
[SourceTitle "playchess.com"]
[Source "ChessBase"]
[SourceQuality "1"]

{[%evp 16,98,16,-10,12,-26,-22,-40,-40,-40,-32,-45,-44,-66,-46,-85,-68,-111,-38,-44,-45,-75,-66,-79,-54,-86,-62,-77,-79,-84,-77,-79,-77,-79,-64,-82,-87,-235,-230,-226,-232,-242,-240,-245,-245,-295,-283,-293,-289,-291,-266,-275,-277,-282,-273,-310,-306,-415,-419,-486,-559,-552,-552,-542,-543,-492,-514,-802,-795,-785,-779,-708,-697,-763,-737,-905,-722,-12841,-12841,-29983,-29984,-29984,-29984,-29987,-29988]} 1. e4 e5 2. Nf3 Nc6 3. Bc4 Bc5 4. c3 Nf6 5. d3 d6 6. Nbd2 a6 7. Bb3 Ba7 8. O-O O-O {C54: Giuoco Piano: 4 c3 Nf6, main lines with 5 d4 and 5 d3} 9. Bc2 {LiveBook: 10 Games} (9. h3 Kh8 10. Re1 Nh5 11. Nf1 f5 12. exf5 Bxf5 13. Be3 Bxe3 14. Nxe3 Bg6 15. d4 Nf4 16. dxe5 Nd3 17. Rf1 Nxb2 {½-½ (25) Hou,Y (2652)-Aronian,L (2799) Tbilisi 2017}) 9... d5 10. Nb3 Be6 {Black has an edge.} 11. Bg5 $146 ({Predecessor:} 11. Qe2 d4 12. Bg5 h6 13. Bxf6 Qxf6 14. cxd4 exd4 15. Ne1 Qg6 16. f4 f5 {0-1 (47) Koehn,L (1682)-Evans,N (1755) Mureck 2013}) 11... dxe4 12. dxe4 Qxd1 13. Raxd1 Nd7 14. h3 f6 15. Bc1 Rfd8 16. Rd2 Nf8 (16... b5 $17) 17. Rfd1 Rxd2 18. Rxd2 b5 19. Re2 Rd8 20. Rd2 Rb8 21. Re2 a5 {[%cal Ba6a5,Ba5a4][%mdl 32]} 22. Be3 Bxe3 23. Rxe3 a4 24. Nc1 Nd7 25. a3 Na5 26. Nd2 (26. Nd3 $17) 26... Nc4 $19 27. Nxc4 bxc4 ({Less strong is} 27... Bxc4 28. Re1 $15) 28. Bxa4 {[#]} Nc5 $1 {[%cal Rc5a4]} ({Don't take} 28... Rxb2 29. Bxd7 Bxd7 30. Re1 $17) 29. Bc6 Rxb2 30. Kf1 Rc2 31. Ne2 Ra2 {And now ...Ra1+ would win.} 32. g4 Rxa3 33. f4 Nd3 34. f5 Bf7 35. Kg2 Kf8 36. Kg3 Ke7 37. Rf3 Kd6 38. Bb7 Nc5 39. Bd5 Bxd5 40. exd5 {[%mdl 4096] Endgame KRN-KRN} Ne4+ 41. Kh4 (41. Kg2 $142 Kxd5 42. Re3) 41... Kxd5 42. Re3 Ra1 43. Ng3 Nxg3 44. Kxg3 {KR-KR} Rd1 45. h4 e4 46. g5 Rd3 47. Kf4 Rxe3 {Black mates.} 48. Kxe3 Ke5 49. g6 h5 {Precision: White = 22%, Black = 79%.} 0-1

[Event "XXIV ProAm Copa Clarin 2017"]
[Site "Villa Martelli"]
[Date "2017.10.01"]
[Round "2.19"]
[White "Lopez Rebert, Pablo"]
[Black "Dani, Juan Jose"]
[Result "1-0"]
[WhiteElo "1924"]
[BlackElo "1549"]
[Annotator "NA RC"]
[PlyCount "55"]
[EventDate "2017.??.??"]
[EventType "swiss"]
[EventCountry "ARG"]
[SourceTitle "playchess.com"]
[Source "ChessBase"]
[SourceQuality "1"]
[TimeControl "5400+30"]

1. e4 g6 2. d4 Bg7 3. c4 d6 4. Nc3 e6 5. Nf3 h6 6. Bd3 Ne7 7. Be3 b6 8. Qd2 Bb7 9. O-O a6 10. c5 bxc5 11. dxc5 dxc5 12. Rad1 Nd7 13. Qc1 Qc8 14. Na4 O-O 15. Bxh6 Rd8 16. Bxg7 Kxg7 17. Qg5 f6 18. Qg3 e5 19. Nh4 Rh8 20. Bc4 Nf8 21. Nxc5 Bc6 22. f4 Rh5 23. Be2 Rh6 24. fxe5 Ng8 25. Nf5+ Kh7 26. exf6 Bb5 27. Bxb5 axb5 28. f7 {( 1-0 en la jugada 33 )} 1-0

[Event "XXIV ProAm Copa Clarin 2017"]
[Site "Villa Martelli"]
[Date "2017.10.01"]
[Round "2.20"]
[White "Romano, Julio Ezequiel"]
[Black "Bourgeois, William"]
[Result "0-1"]
[WhiteElo "1494"]
[BlackElo "1865"]
[Annotator "NA RC"]
[PlyCount "44"]
[EventDate "2017.??.??"]
[EventType "swiss"]
[EventCountry "ARG"]
[SourceTitle "playchess.com"]
[Source "ChessBase"]
[SourceQuality "1"]
[TimeControl "5400+30"]

1. e4 e6 2. d4 d5 3. e5 c5 4. c3 Nc6 5. Nf3 Qb6 6. Qb3 Bd7 7. Be3 Qxb3 8. axb3 b6 9. dxc5 bxc5 10. Bd3 f6 11. exf6 Nxf6 12. Bf4 Be7 13. Ne5 Nxe5 14. Bxe5 O-O 15. f3 Bc6 16. Nd2 Nd7 17. Bg3 Rfe8 18. Ra6 Rec8 19. Rxc6 Rxc6 20. Bb5 Rac8 21. Bxc6 Rxc6 22. f4 Ra6 0-1

[Event "XXIV ProAm Copa Clarin 2017"]
[Site "Villa Martelli"]
[Date "2017.10.01"]
[Round "2.21"]
[White "Ibanez, Nestor Edmundo"]
[Black "Sosa, Ruben"]
[Result "0-1"]
[WhiteElo "1407"]
[BlackElo "1843"]
[Annotator "NA RC"]
[PlyCount "84"]
[EventDate "2017.??.??"]
[EventType "swiss"]
[EventCountry "ARG"]
[SourceTitle "playchess.com"]
[Source "ChessBase"]
[SourceQuality "1"]
[TimeControl "5400+30"]

1. d4 Nf6 2. Nf3 d5 3. Bf4 c6 4. c3 Bf5 5. Nbd2 e6 6. Nh4 Bg6 7. Nxg6 hxg6 8. e3 Nbd7 9. h3 c5 10. Bb5 a6 11. Ba4 b5 12. Bc2 Rc8 13. Rc1 c4 14. e4 Nh5 15. Bh2 Nb6 16. e5 g5 17. Qf3 g6 18. g4 Ng7 19. Qf6 Rxh3 20. Ke2 Qc7 21. Bg3 Rxh1 22. Rxh1 Qd8 23. Rh8 Kd7 24. Qxf7+ Qe7 25. Qxg6 b4 26. Nf3 bxc3 27. bxc3 Qe8 28. Qxg5 Kc7 29. Rh7 Qd7 30. Qf6 Kb8 31. Ng5 Na4 32. Kd2 Nxc3 33. Nxe6 Qxe6 34. Qxe6 Nxe6 35. Kxc3 a5 36. Bf5 Bb4+ 37. Kc2 Nxd4+ 38. Kd1 c3 39. e6+ Ka8 40. e7 Nxf5 41. Bf4 c2+ 42. Ke2 Nxe7 0-1

[Event "XXIV ProAm Copa Clarin 2017"]
[Site "Villa Martelli"]
[Date "2017.10.01"]
[Round "2.22"]
[White "Morales Marmol, Marcos Antonio"]
[Black "Souza, Marcos Valerio A"]
[Result "1-0"]
[WhiteElo "2125"]
[BlackElo "2000"]
[Annotator "TA"]
[PlyCount "71"]
[EventDate "2017.??.??"]
[EventType "swiss"]
[EventCountry "ARG"]
[SourceTitle "playchess.com"]
[Source "ChessBase"]
[SourceQuality "1"]

{[%evp 13,71,-60,42,60,322,320,315,304,340,337,421,129,827,827,806,813,789,781,842,749,750,676,671,684,682,689,676,682,712,711,710,711,799,787,853,857,824,804,1038,1023,1175,1174,1167,1137,1041,957,1126,1092,1184,1180,1276,1277,1360,1353,1733,1704,1912,1803,29978,29978]} 1. e4 c6 2. d4 d5 3. e5 Bf5 4. Ne2 e6 5. Ng3 Bg6 6. h4 h5 7. Be2 Be7 {LiveBook: 4 Games. B12: Caro-Kann: Advance Variation} ({Better is} 7... c5 $1 $15) (7... c5 8. dxc5 Bxc5 9. Nd2 Nc6 10. Nb3 Bb6 11. Bxh5 Bxh5 12. Nxh5 Qc7 13. Bf4 g6 14. Ng3 Nxe5 15. Qd2 O-O-O {0-1 (25) Naiditsch,A (2702)-Bologan,V (2680) Kishinev 2012}) 8. Bxh5 $14 Bxh4 $146 {[%mdl 8192] [#]} (8... Bxh5 $14 9. Nxh5 g6) ({Predecessor:} 8... Bxh5 9. Nxh5 g6 10. Nf4 Rxh4 11. Rxh4 Bxh4 12. Qg4 Kd7 13. c4 dxc4 14. Nd2 Nh6 15. Qh3 {0-1 (66) Nestorovic,L (2350)-Ratkovic,M (2359) Banja Vrucica 2014}) 9. Bxg6 $18 fxg6 {White has a decisive advantage.} 10. Qg4 Qe7 11. Qxg6+ Kd7 12. Nc3 $2 (12. Nh5 $18) 12... Nh6 $2 {[%mdl 8192] [#]} (12... Qf8 $16) 13. Rxh4 $1 {[%mdl 512]} Na6 (13... Qxh4 14. Bg5) 14. Bg5 Qf8 15. O-O-O Rg8 16. Bxh6 gxh6 17. Qxh6 Qxh6+ 18. Rxh6 Raf8 19. Rd2 Nc7 20. Rh7+ Kc8 21. Kd1 b6 22. Ke1 a6 23. Nce2 Kb8 24. Kf1 c5 25. c3 c4 26. Nh5 Rh8 27. Rxh8 Rxh8 28. g4 Kc8 29. f4 Ne8 30. Kg2 Rg8 31. Kf3 Kd7 32. Neg3 Ke7 33. f5 Rf8 34. Nf4 exf5 35. gxf5 Nc7 36. Ng6+ 1-0

[Event "XXIV ProAm Copa Clarin 2017"]
[Site "Villa Martelli"]
[Date "2017.10.01"]
[Round "2.23"]
[White "Fuentes, Agustin"]
[Black "Sanchez, Gabriel"]
[Result "0-1"]
[WhiteElo "1377"]
[BlackElo "1809"]
[Annotator "NA RC"]
[PlyCount "60"]
[EventDate "2017.??.??"]
[EventType "swiss"]
[EventCountry "ARG"]
[SourceTitle "playchess.com"]
[Source "ChessBase"]
[SourceQuality "1"]
[TimeControl "5400+30"]

1. e4 d6 2. d4 c5 3. dxc5 Qa5+ 4. Nc3 dxc5 5. Bd2 Qd8 6. Nf3 Nc6 7. Bb5 Bd7 8. O-O Nd4 9. Bxd7+ Qxd7 10. Be3 Nxf3+ 11. Qxf3 e6 12. Rad1 Qc6 13. Rfe1 Be7 14. h3 Nf6 15. Bf4 O-O 16. Bg5 h6 17. Bh4 Rfe8 18. Qe3 Rad8 19. Rxd8 Rxd8 20. Qe2 Rd7 21. Rd1 a6 22. Rd3 Rxd3 23. Qxd3 g5 24. Bg3 Qd7 25. Qe2 Qd4 26. Kh2 c4 27. f3 Bc5 28. Qf1 Nh5 29. Be1 b5 30. Nd1 Qxd1 0-1

[Event "XXIV ProAm Copa Clarin 2017"]
[Site "Villa Martelli"]
[Date "2017.10.01"]
[Round "2.25"]
[White "Payba, Joaquin"]
[Black "Sotelo Rojas, Ruben"]
[Result "0-1"]
[WhiteElo "1100"]
[BlackElo "1767"]
[Annotator "NA RC"]
[PlyCount "114"]
[EventDate "2017.??.??"]
[EventType "swiss"]
[EventCountry "ARG"]
[SourceTitle "playchess.com"]
[Source "ChessBase"]
[SourceQuality "1"]
[TimeControl "5400+30"]

1. e4 d6 2. d4 c6 3. Nc3 Nf6 4. Nf3 Bg4 5. h3 Bh5 6. Bc4 e6 7. g4 Bg6 8. d5 e5 9. Bg5 Be7 10. Bxf6 Bxf6 11. g5 Bxg5 12. h4 Bh6 13. h5 O-O 14. hxg6 fxg6 15. Qe2 Qf6 16. Rh3 Kh8 17. Bb3 Na6 18. Bc4 b5 19. dxc6 bxc4 20. Qxc4 Nc5 21. Nd5 Qe6 22. Qf1 Nxe4 23. Nc7 Bd2+ 24. Kd1 Qxh3 25. Qxh3 Nxf2+ 26. Kxd2 Nxh3 27. Nxa8 Rxa8 28. Rf1 Rc8 29. Kd3 Nf4+ 30. Ke4 Rxc6 31. Nxe5 dxe5 32. Kxe5 g5 33. Rd1 h6 34. Kf5 Kh7 35. c3 Rf6+ 36. Ke5 Kg6 37. c4 Ne6 38. b4 a6 39. c5 Nc7 40. Rd6 h5 41. Rxf6+ gxf6+ 42. Kd6 Nb5+ 43. Kd7 h4 44. a4 Nd4 45. b5 axb5 46. a5 b4 47. a6 Nb5 48. Kc6 b3 49. Kxb5 b2 50. a7 b1=Q+ 51. Ka5 Qb7 52. c6 Qxc6 53. Kb4 h3 54. Ka5 h2 55. Kb4 Qb7+ 56. Ka5 h1=R 57. a8=Q Ra1# 0-1